MARC details
| 000 -LEADER |
| campo de control de longitud fija |
01511nam a22003737a 4500 |
| 003 - IDENTIFICADOR DE NÚMERO DE CONTROL |
| campo de control |
BO-EaUP |
| 005 - FECHA Y HORA DE LA ÚLTIMA TRANSACCIÓN |
| campo de control |
20250721155858.0 |
| 008 - DATOS DE LONGITUD FIJA--INFORMACIÓN GENERAL |
| campo de control de longitud fija |
250721b |||||||| |||| 00| 0 eng d |
| 020 ## - NÚMERO INTERNACIONAL ESTÁNDAR DEL LIBRO |
| Número Internacional Estándar del Libro |
849801-013-6 |
| 040 ## - FUENTE DE CATALOGACIÓN |
| Centro catalogador/agencia de origen |
BO-EaUP |
| Lengua de catalogación |
spa |
| Centro/agencia transcriptor |
Biblioteca de Arquitectura |
| Normas de descripción |
RDA |
| 041 ## - CÓDIGO DE IDIOMA |
| Código de lengua del texto/banda sonora o título independiente |
spa |
| Código de lengua original |
eng |
| 043 ## - CÓDIGO DE ÁREA GEOGRÁFICA |
| Código de área geográfica |
esp |
| 082 ## - NÚMERO DE LA CLASIFICACIÓN DECIMAL DEWEY |
| Número de edición |
1 |
| Número de clasificación |
909 |
| 092 ## - ASIGNACIÓN LOCAL DE SIGNATURA TOPOGRÁFICA DEWEY (OCLC) |
| Número de clasificación |
909 |
| Signatura Librística |
C187l |
| 100 ## - ENTRADA PRINCIPAL--NOMBRE DE PERSONA |
| Nombre de persona |
Campbell. James |
| Títulos y otros términos asociados al nombre |
Ing. |
| Término indicativo de función/relación |
Autor |
| 9 (RLIN) |
5986 |
| 242 ## - TÍTULO TRADUCIDO POR EL CENTRO/AGENCIA CATALOGADOR |
| Título |
"Ladrillo" Historia Universal |
| 245 ## - MENCIÓN DEL TÍTULO |
| Título |
Ladrillos / |
| Subtítulo |
Historia Universal |
| Mención de responsabilidad, etc. |
James Campbell |
| 250 ## - MENCION DE EDICION |
| Mención de edición |
Primera Edicion |
| 260 ## - PUBLICACIÓN, DISTRIBUCIÓN, ETC. |
| Lugar de publicación, distribución, etc. |
España |
| Nombre del editor, distribuidor, etc. |
Editorial Blume |
| Fecha de publicación, distribución, etc. |
2004 |
| 300 ## - DESCRIPCIÓN FÍSICA |
| Extensión |
320 paginas; |
| Otras características físicas |
Fotografias, Texto, Figuras, |
| Dimensiones |
25 x 31 centimetros |
| 336 ## - TIPO DE CONTENIDO |
| Fuente |
rdacontenido |
| Término de tipo de contenido |
texto |
| Código de tipo de contenido |
txt |
| 337 ## - TIPO DE MEDIO |
| Fuente |
rdamedia |
| Nombre/término del tipo de medio |
no mediado |
| Código del tipo de medio |
n |
| 338 ## - TIPO DE SOPORTE |
| Fuente |
rdacarrier |
| Nombre/término del tipo de soporte |
volumen |
| Código del tipo de soporte |
nc |
| 505 ## - NOTA DE CONTENIDO CON FORMATO |
| Nota de contenido con formato |
1.- Massachussets 270, 271 |
| 505 ## - NOTA DE CONTENIDO CON FORMATO |
| Nota de contenido con formato |
2.- Albi Francia 89,98,99, catedral 108-113 |
| 505 ## - NOTA DE CONTENIDO CON FORMATO |
| Nota de contenido con formato |
Albigenses 108; |
| 505 ## - NOTA DE CONTENIDO CON FORMATO |
| Nota de contenido con formato |
3.- alcantarillado 215, 216, 217; |
| 505 ## - NOTA DE CONTENIDO CON FORMATO |
| Nota de contenido con formato |
Ámsterdam, Holanda 163, 164, 165; |
| 505 ## - NOTA DE CONTENIDO CON FORMATO |
| Nota de contenido con formato |
aparejo 19 |
| 505 ## - NOTA DE CONTENIDO CON FORMATO |
| Nota de contenido con formato |
Acueductos 54,55, |
| 520 ## - RESUMEN, ETC. |
| Sumario, etc. |
los Jardines Colgantes de Babilonia, una de las siete maravillas del mundo; la Gran Muralla china, la construcción creada por el hombre mas larga del planeta; Santa Sofia, una de las iglesias mas bellas jamás construidas; el gran castillo medieval de Malbork, en polonia, que posee el tamaño de una pequeña ciudad; |
| 700 ## - ENTRADA AGREGADA--NOMBRE PERSONAL |
| Nombre de persona |
Pryce Will |
| Término indicativo de función/relación |
Autor |
| 9 (RLIN) |
5987 |
| 942 ## - ELEMENTOS DE ENTRADA SECUNDARIOS (KOHA) |
| Fuente del sistema de clasificación o colocación |
Clasificación Decimal Dewey |
| Suprimir en OPAC |
No |
| Tipo de ítem Koha |
Libros |
| Edición |
1 |